| LEADER | 02819nam a2200349 4500 | ||
|---|---|---|---|
| 082 | |a 895.9221009 |b H450GI | ||
| 100 | |a Hồ Giang Long | ||
| 245 | |a Thi pháp thơ Tú Xương |c Hồ Giang Long | ||
| 260 | |a H. |b Văn học |c 2006 | ||
| 300 | |a 172tr. |c 21cm | ||
| 520 | |a vv | ||
| 653 | |a Văn học | ||
| 653 | |a Việt Nam | ||
| 653 | |a Thơ | ||
| 653 | |a Thi pháp | ||
| 653 | |a Nghiên cứu văn học | ||
| 942 | |2 ddc |c STK0 | ||
| 999 | |c 4233 |d 4233 | ||
| 952 | |0 0 |1 0 |2 ddc |4 0 |6 895_922100900000000_H450GI |7 0 |8 800 |9 42658 |a qbu |b qbu |c D5 |d 2014-12-19 |g 21000 |o 895.9221009 H450GI |p 3838.C1 |r 0000-00-00 |w 2014-12-19 |y STK0 | ||
| 952 | |0 0 |1 0 |2 ddc |4 0 |6 895_922100900000000_H450GI |7 0 |8 800 |9 42659 |a qbu |b qbu |c D5 |d 2014-12-19 |g 21000 |o 895.9221009 H450GI |p 3838.C2 |r 0000-00-00 |w 2014-12-19 |y STK0 | ||
| 952 | |0 0 |1 0 |2 ddc |4 0 |6 895_922100900000000_H450GI |7 0 |8 800 |9 42660 |a qbu |b qbu |c D5 |d 2014-12-19 |g 21000 |o 895.9221009 H450GI |p 3838.C3 |r 0000-00-00 |w 2014-12-19 |y STK0 | ||
| 952 | |0 0 |1 0 |2 ddc |4 0 |6 895_922100900000000_H450GI |7 0 |8 800 |9 42661 |a qbu |b qbu |c D5 |d 2014-12-19 |g 21000 |l 1 |o 895.9221009 H450GI |p 3838.C4 |r 2017-06-02 |s 2017-05-30 |w 2014-12-19 |y STK0 | ||
| 952 | |0 0 |1 0 |2 ddc |4 0 |6 895_922100900000000_H450GI |7 0 |8 800 |9 42662 |a qbu |b qbu |c D5 |d 2014-12-19 |g 21000 |l 5 |m 2 |o 895.9221009 H450GI |p 3838.C5 |r 2018-11-29 |s 2018-11-13 |w 2014-12-19 |y STK0 | ||
| 952 | |0 0 |1 0 |2 ddc |4 0 |6 895_922100900000000_H450GI |7 0 |8 800 |9 42663 |a qbu |b qbu |c D5 |d 2014-12-19 |g 21000 |o 895.9221009 H450GI |p 3838.C6 |r 0000-00-00 |w 2014-12-19 |y STK0 | ||
| 952 | |0 0 |1 0 |2 ddc |4 0 |6 895_922100900000000_H450GI |7 0 |8 800 |9 42664 |a qbu |b qbu |c D5 |d 2014-12-19 |g 21000 |o 895.9221009 H450GI |p 3838.C7 |r 0000-00-00 |w 2014-12-19 |y STK0 | ||
| 952 | |0 0 |1 0 |2 ddc |4 0 |6 895_922100900000000_H450GI |7 0 |8 800 |9 42665 |a qbu |b qbu |c D5 |d 2014-12-19 |g 21000 |o 895.9221009 H450GI |p 3838.C8 |r 0000-00-00 |w 2014-12-19 |y STK0 | ||
| 952 | |0 0 |1 0 |2 ddc |4 0 |6 895_922100900000000_H450GI |7 0 |8 800 |9 42666 |a qbu |b qbu |c D5 |d 2014-12-19 |g 21000 |o 895.9221009 H450GI |p 3838.C9 |r 0000-00-00 |w 2014-12-19 |y STK0 | ||
| 952 | |0 0 |1 0 |2 ddc |4 0 |6 895_922100900000000_H450GI |7 0 |8 800 |9 42667 |a qbu |b qbu |c D5 |d 2014-12-19 |g 21000 |l 2 |m 1 |o 895.9221009 H450GI |p 3838.C10 |r 2017-01-18 |s 2016-12-29 |w 2014-12-19 |y STK0 | ||
| 952 | |0 0 |1 0 |2 ddc |4 0 |6 895_922100900000000_H450GI |7 0 |8 800 |9 42668 |a qbu |b qbu |c D5 |d 2014-12-19 |g 21000 |o 895.9221009 H450GI |p 3838.C11 |r 0000-00-00 |w 2014-12-19 |y STK0 | ||
| 952 | |0 0 |1 0 |2 ddc |4 0 |6 895_922100900000000_H450GI |7 0 |8 800 |9 42669 |a qbu |b qbu |c D5 |d 2014-12-19 |g 21000 |l 1 |o 895.9221009 H450GI |p 3838.C12 |r 2016-12-06 |s 2016-11-23 |w 2014-12-19 |y STK0 | ||
| 952 | |0 0 |1 0 |2 ddc |4 0 |6 895_922100900000000_H450GI |7 0 |8 800 |9 42670 |a qbu |b qbu |c D5 |d 2014-12-19 |g 21000 |o 895.9221009 H450GI |p 3838.C13 |r 0000-00-00 |w 2014-12-19 |y STK0 | ||
| 952 | |0 0 |1 0 |2 ddc |4 0 |6 895_922100900000000_H450GI |7 0 |8 800 |9 42671 |a qbu |b qbu |c D5 |d 2014-12-19 |g 21000 |l 2 |m 1 |o 895.9221009 H450GI |p 3838.C14 |r 2018-10-12 |s 2018-08-13 |w 2014-12-19 |y STK0 | ||